| 000 | 00588naa a2200205 i 4500 | ||
|---|---|---|---|
| 001 | 24268 | ||
| 003 | ES-MaBCM | ||
| 005 | 20241016094509.0 | ||
| 008 | 930609s1993 fra 000 0 fre d | ||
| 021 | _axx | ||
| 035 | _a(OCoLC)1352119624 | ||
| 040 | _cES-MaBCM | ||
| 041 | 0 | _afre | |
| 043 | _afra | ||
| 245 | 0 | 3 | _aLa politique budgetaire a moyen et a long terme dans les pays de l'OCDE |
| 650 | 2 | 7 |
_aPolítica presupuestaria _959840 |
| 651 | 2 | 4 |
_aPaíses de la OCDE _9115575 |
| 773 | 0 |
_aEn: _tProblèmes économiques _dParis : 1993 _w104496 _gnº 2.327, mai, p. 1-10 |
|
| 942 | _cAREV | ||
| 999 |
_c24268 _d24268 |
||